[Event "Tourn. n8112"]
[Site "www.chess-mail.com"]
[Date "2015.04.19"]
[Round "1"]
[White "Johnmcbride"]
[Black "F14"]
[WhiteElo "1810"]
[BlackElo "1850"]
[Result "0-1"]
[Round "1"]
1.e4 e5
2.d3 Ng8f6
3.h3 Bf8e7
4.c3 d5
5.exd5 Nf6xd5
6.c4 Be7b4
7.Bc1d2 Bb4xd2
8.Nb1xd2 Nd5b4
9.a3 Nb4c6
10.b4 O-O
11.Ng1f3 Nc6d4
12.Nf3xd4 exd4
13.Bf1e2 Rf8e8
14.O-O Qd8e7
15.Nd2e4 f5
16.Ne4c5 Qe7xe2
17.Qd1xe2 Re8xe2
18.Rf1e1 Re2xe1
19.Ra1xe1 Bc8d7
20.Nc5xd7 Nb8xd7
21.Re1e7 Ra8d8
22.f4 Kf8
23.Re7e2 Rd8e8
24.Re2xe8 Kxe8
25.g4 fxg4
26.hxg4 Kf7
27.Kg2 c5
28.b5 b6
29.Kf3 h6
30.Ke4 Nd7f6
31.Ke5 Nf6xg4
32.Kd6 h5
33.Kc7 h4
34.Kb7 h3
35.Kxa7 h2
36.Kxb6 h1Q
37.Kxc5 Qh1a1
38.b6 Qa1xa3
39.Kxd4 Qa3d6
{ resign }
0-1

[Event "Tourn. n8165"]
[Site "www.chess-mail.com"]
[Date "2015.04.19"]
[Round "1"]
[White "Forest"]
[Black "Anja"]
[WhiteElo "1570"]
[BlackElo "1670"]
[Result "0-1"]
[Round "1"]
1.b3 d5
2.f4 Ng8f6
3.Bc1b2 Bc8f5
4.e3 c5
5.Ng1f3 e6
6.Bf1b5 Nb8c6
7.O-O Bf8d6
8.Nf3e5 { time. }
0-1

[Event "Tourn. n8076"]
[Site "www.chess-mail.com"]
[Date "2015.04.19"]
[Round "1"]
[White "Orhany24"]
[Black "Francesco"]
[WhiteElo "1860"]
[BlackElo "2090"]
[Result "1/2-1/2"]
[Round "1"]
1.d4 d5
2.c4 c6
3.Nb1c3 Ng8f6
4.Ng1f3 Bc8g4
5.Bc1g5 Bg4xf3
6.Bg5xf6 Bf3h5
7.Bf6h4 dxc4
8.f3 Qd8c8
9.e4 b5
10.a4 b4
11.Nc3b1 e6
12.Bf1xc4 a5
13.b3 Bf8d6
14.Nb1d2 Qc8c7
15.e5 Bd6e7
16.Bh4g3 Nb8d7
17.O-O O-O
18.Ra1c1 Bh5g6
19.Nd2e4 c5
20.dxc5 Nd7xc5
21.Ne4xc5 Be7xc5
22.Kh1 Rf8d8
23.Qd1e2 Ra8c8
24.h3 Qc7b6
25.Rf1d1 Rd8xd1
26.Rc1xd1 Rc8d8
27.Bg3f4 h6
28.Rd1xd8 Qb6xd8
29.Qe2d2 Qd8xd2
30.Bf4xd2 Kf8
31.g4 Ke7
32.Kg2 Bc5d4
33.Bd2f4 Kd7
34.Kf1 Bg6c2
35.Ke2 Bc2g6
36.Bf4g3 Bg6c2
37.Kd2 Bc2g6
38.Ke2 { draw }
1/2-1/2

[Event "Tourn. n8001"]
[Site "www.chess-mail.com"]
[Date "2015.04.19"]
[Round "1"]
[White "Fvdp"]
[Black "Tartan"]
[WhiteElo "2370"]
[BlackElo "2360"]
[Result "1/2-1/2"]
[Round "1"]
1.e4 e5
2.Ng1f3 Nb8c6
3.d4 exd4
4.Nf3xd4 Bf8c5
5.Nd4xc6 bxc6
6.Bf1d3 Ng8e7
7.Nb1c3 O-O
8.Bc1g5 h6
9.Bg5h4 Qd8e8
10.O-O Ne7g6
11.Bh4g3 d6
12.Kh1 Ra8b8
13.Nc3a4 Bc5d4
14.c3 Bd4f6
15.Ra1c1 c5
16.b3 Bc8b7
17.Na4b2 Qe8e7
18.f3 h5
19.h3 Ng6e5
20.Bd3b1 Bb7a6
21.Rf1e1 Bf6h4
22.Bg3xh4 Qe7xh4
23.Nb2d3 Ba6xd3
24.Bb1xd3 Qh4xe1
25.Qd1xe1 Ne5xd3
26.Qe1d2 Nd3xc1
27.Qd2xc1 Rb8b6
28.Qc1a3 a6
29.Qa3a4 Rf8d8
30.Qa4c4 Rd8e8
31.Qc4d5 g6
32.Kg1 Kg7
33.Kf2 Kf8
34.g4 { draw }
1/2-1/2

[Event "Tourn. n8162"]
[Site "www.chess-mail.com"]
[Date "2015.04.19"]
[Round "1"]
[White "Battlejanson"]
[Black "Chesspower"]
[WhiteElo "1689"]
[BlackElo "1760"]
[Result "1-0"]
[Round "1"]
1.e4 d5
2.exd5 Ng8f6
3.Ng1f3 Nf6xd5
4.Bf1c4 Nb8c6
5.d3 Bc8g4
6.c3 e6
7.O-O Bf8e7
8.Rf1e1 O-O
9.Nb1d2 Nd5b6
10.Bc4b3 Qd8xd3
11.Bb3c2  { time }
1-0

[Event "Tourn. n8144"]
[Site "www.chess-mail.com"]
[Date "2015.04.19"]
[Round "1"]
[White "Gandalf"]
[Black "4knights"]
[WhiteElo "1600"]
[BlackElo "1770"]
[Result "1/2-1/2"]
[Round "1"]
1.c4 Ng8f6
2.d4 e6
3.Nb1c3 Bf8b4
4.e3 O-O
5.Bc1d2 c5
6.Ng1f3 Nb8c6
7.dxc5 Bb4xc5
8.Bf1e2 d5
9.cxd5 Nf6xd5
10.O-O b6
11.Nc3xd5 exd5
12.Ra1c1 d4
13.exd4 Nc6xd4
14.Nf3xd4 Bc5xd4
15.Bd2c3 Bd4f6
16.Be2f3 Bc8a6
17.Rf1e1 Bf6xc3
18.Rc1xc3 Qd8xd1
19.Re1xd1 { draw }
1/2-1/2

[Event "Tourn. n8142"]
[Site "www.chess-mail.com"]
[Date "2015.04.19"]
[Round "1"]
[White "Faerieking"]
[Black "Syd"]
[WhiteElo "2140"]
[BlackElo "2180"]
[Result "1-0"]
[Round "1"]
1.e4 c5
2.Ng1f3 Nb8c6
3.d4 cxd4
4.Nf3xd4 Ng8f6
5.Nb1c3 e5
6.Nd4b5 d6
7.Bc1g5 a6
8.Bg5xf6 gxf6
9.Nb5a3 b5
10.Nc3d5 f5
11.Bf1d3 Bc8e6
12.O-O Bf8g7
13.c4 bxc4
14.Na3xc4 fxe4
15.Bd3xe4 O-O
16.Nd5b6 Be6xc4
17.Nb6xc4 Nc6d4
18.Qd1h5 f5
19.Be4xa8 Qd8xa8
20.Nc4xd6 Qa8d5
21.Nd6e8 Qd5d7
22.Ne8xg7 Qd7xg7
23.Ra1c1 Nd4e6
24.Rc1c6 Ne6f4
25.Qh5f3 Kh8
26.Rf1c1 Rf8g8
27.Rc6c8 h5
28.Rc8xg8 Qg7xg8
29.g3 Qg8f7
30.gxf4 { resign }
1-0

[Event "Tourn. n8070"]
[Site "www.chess-mail.com"]
[Date "2015.04.19"]
[Round "1"]
[White "Squimichele"]
[Black "Emmanuelasi"]
[WhiteElo "2490"]
[BlackElo "2250"]
[Result "1-0"]
[Round "1"]
1.d4 Nb8c6
2.Ng1f3 Ng8f6
3.Bc1g5 h6
4.Bg5h4 g5
5.Bh4g3 d6
6.Qd1d3 Bf8g7
7.Nb1c3 Bc8g4
8.O-O-O Bg4h5
9.d5 Nc6b8
10.h4 Bh5g6
11.e4 g4
12.Nf3d4 Nb8d7
13.Qd3e3 h5
14.Kb1 a6
15.f4 Kf8
16.e5 dxe5
17.fxe5 Nf6g8
18.Bf1d3 Bg6xd3
19.Rd1xd3 Bg7h6
20.Qe3f2 Nd7c5
21.Nd4e6 Nc5xe6
22.dxe6 Qd8e8
23.Nc3d5 Ra8c8
24.Qf2f5 Kg7
25.exf7 { resign }
1-0

[Event "Tourn. n8145"]
[Site "www.chess-mail.com"]
[Date "2015.04.19"]
[Round "1"]
[White "Liencam2"]
[Black "Cathar"]
[WhiteElo "2280"]
[BlackElo "2230"]
[Result "0-1"]
[Round "1"]
1.e4 d6
2.d4 Ng8f6
3.Nb1c3 e5
4.Ng1e2 Nb8d7
5.g3 Bf8e7
6.Bf1g2 c6
7.a4 b6
8.O-O a6
9.d5 Bc8b7
10.dxc6 Bb7xc6
11.Nc3d5 Nf6xd5
12.exd5 Bc6b7
13.c4 O-O
14.f4 exf4
15.Bc1xf4 Nd7e5
16.b3 Be7f6
17.Ra1a2 b5
18.cxb5 Qd8b6
19.Kh1 axb5
20.Ne2c3 bxa4
21.Nc3xa4 Qb6b4
22.Ra2d2 Bb7a6
23.Rf1e1 Ra8b8
24.Re1e3 Rf8c8
25.Bg2h3 Rc8c7
26.Bh3f5 g6
27.Bf5c2 h5
28.Na4b2 Ne5g4
29.Nb2d3 Qb4d4
30.Re3e2 Qd4xd5
31.Kg1 Bf6d4
32.Nd3f2 Ba6b7
33.Bc2e4 Bd4xf2
34.Kf1 Qd5b5
35.Be4d3 Qb5c6
36.Bd3e4 Qc6c1
37.Bf4xd6 Ng4e3
38.Re2xe3 Bf2xe3
39.Bd6xc7 Be3xd2
40.Qd1xc1 Bd2xc1
{ resign }
0-1

[Event "Tourn. n8098"]
[Site "www.chess-mail.com"]
[Date "2015.04.19"]
[Round "1"]
[White "Obisporey"]
[Black "Emmanuelasi"]
[WhiteElo "2510"]
[BlackElo "2330"]
[Result "1-0"]
[Round "1"]
1.e4 Nb8c6
2.Ng1f3 e5
3.Bf1b5 Ng8f6
4.d3 Bf8c5
5.O-O d6
6.Nb1d2 O-O
7.Bb5xc6 bxc6
8.h3 h6
9.Rf1e1 Rf8e8
10.Nd2f1 a5
11.Nf1g3 a4
12.Bc1e3 Bc5xe3
13.Re1xe3 c5
14.c3 Bc8d7
15.d4 exd4
16.cxd4 cxd4
17.Qd1xd4 Qd8b8
18.e5 dxe5
19.Re3xe5 Bd7e6
20.a3 Qb8b7
21.Ra1c1 Re8d8
22.Qd4c3 Rd8d7
23.Re5c5 Nf6d5
24.Qc3e5 g6
25.Ng3e4 Ra8b8
26.Rc5xd5 Rd7xd5
27.Ne4f6 Kf8
28.Nf6xd5 Qb7xd5
29.Qe5h8 { resign }
1-0

[Event "Tourn. n8158"]
[Site "www.chess-mail.com"]
[Date "2015.04.19"]
[Round "1"]
[White "Generalfree"]
[Black "Anja"]
[WhiteElo "1820"]
[BlackElo "1680"]
[Result "1/2-1/2"]
[Round "1"]
1.d4 f5
2.Nb1c3 Ng8f6
3.Bc1f4 d6
4.Ng1f3 g6
5.Qd1d3 Bf8g7
6.h3 O-O
7.e4 fxe4
8.Nc3xe4 Bc8f5
9.Qd3b3 e6
10.Ne4xf6 Qd8xf6
11.Qb3xb7 Bf5xc2
12.Qb7xa8 Qf6xf4
13.Qa8xa7 Qf4e4
14.Kd2 Nb8c6
15.Qa7xc7 Rf8xf3
16.gxf3 Bg7h6
17.Kc3 Qe4xd4
18.Kxc2 Qd4d2
19.Kb3 Qd2b4
20.Kc2 Qb4d2
21.Kb3 { draw }
1/2-1/2

[Event "Tourn. n8072"]
[Site "www.chess-mail.com"]
[Date "2015.04.19"]
[Round "1"]
[White "Fabos12"]
[Black "Cardiff"]
[WhiteElo "1890"]
[BlackElo "1960"]
[Result "0-1"]
[Round "1"]
1.e4 b6
2.Ng1f3 Bc8b7
3.Nb1c3 d6
4.d4 e6
5.Bf1d3 g6
6.Bc1g5 Bf8e7
7.Bg5d2 Ng8f6
8.O-O O-O
9.Bd2h6 Rf8e8
10.Bh6d2 a6
11.Nf3g5 Nb8d7
12.Qd1f3 Re8f8
13.Qf3h3 c5
14.d5 Kg7
15.dxe6 Nd7e5
16.Bd3e2 h6
17.Ng5xf7 Ne5xf7
18.exf7 h5
19.Bd2g5 Nf6xe4
20.Bg5xe7 Qd8xe7
21.Be2c4 Ne4xc3
22.Qh3xc3 Qe7f6
23.Qc3h3 d5
24.Bc4d3 Rf8xf7
25.f4 c4
26.Bd3e2 Qf6f5
27.Qh3c3 Kh7
28.h3 Ra8d8
29.g4 hxg4
30.Be2xg4 Qf5f6
31.Qc3xf6 Rf7xf6
 { time }
0-1

[Event "Tourn. n8055"]
[Site "www.chess-mail.com"]
[Date "2015.04.19"]
[Round "1"]
[White "Stepanpech"]
[Black "Jose"]
[WhiteElo "2420"]
[BlackElo "2690"]
[Result "1/2-1/2"]
[Round "1"]
1.e4 e5
2.Ng1f3 Nb8c6
3.Bf1b5 a6
4.Bb5a4 Ng8f6
5.O-O Bf8e7
6.Rf1e1 b5
7.Ba4b3 O-O
8.c3 d6
9.h3 Rf8e8
10.d4 Bc8b7
11.Nb1d2 Be7f8
12.Bb3c2 h6
13.a3 Nc6b8
14.b4 Nb8d7
15.Bc1b2 c5
16.d5 Qd8c7
17.a4 cxb4
18.cxb4 a5
19.Bc2d3 axb4
20.Bd3xb5 Bb7a6
21.Bb5c6 Ba6b7
22.Bc6b5 Bb7a6
23.Ra1c1 Qc7b8
24.Bb5c6 Ba6b7
25.Bc6b5 Bb7a6
{ draw }
1/2-1/2

[Event "Tourn. n7879"]
[Site "www.chess-mail.com"]
[Date "2015.04.19"]
[Round "1"]
[White "Merlino23"]
[Black "Schwiizer"]
[WhiteElo "2610"]
[BlackElo "2640"]
[Result "1-0"]
[Round "1"]
1.d4 Ng8f6
2.c4 e6
3.Nb1c3 Bf8b4
4.e3 O-O
5.Bf1d3 c5
6.Ng1f3 d5
7.O-O dxc4
8.Bd3xc4 cxd4
9.exd4 b6
10.Bc1g5 Bc8b7
11.Qd1e2 Nb8d7
12.Ra1c1 h6
13.Bg5h4 Ra8c8
14.Rf1d1 g5
15.Bh4g3 Bb4xc3
16.bxc3 Nf6e4
17.Nf3d2 Ne4xg3
18.hxg3 Nd7f6
19.Bc4b3 Rc8c7
20.Nd2f1 Nf6e4
21.c4 Rc7d7
22.Qe2e3 Qd8e7
23.Bb3a4 Rd7c7
24.d5 exd5
25.cxd5 Rc7xc1
26.Rd1xc1 Qe7b4
27.Ba4b3 Ne4c5
28.Rc1d1 Nc5xb3
29.axb3 Bb7c8
30.Qe3e5 Bc8d7
31.Nf1e3 Rf8e8
32.Qe5b2 Qb4d6
33.Ne3c4 Qd6b4
34.Kh2 b5
35.Nc4e5 Qb4d6
36.Ne5xd7 Qd6xd7
37.Qb2a1 Re8d8
38.d6 Qd7e6
39.d7 a6
40.Qa1c3 Qe6e7
41.b4 f6
42.Qc3c7 Kf7
43.f4 Kg7
44.Rd1d6 gxf4
45.gxf4 Kg6
46.Qc7c6 Kg7
47.Rd6d3 h5
48.Qc6d5 h4
49.Qd5f5 Qe7f7
50.Qf5h3  { time }
1-0

[Event "Match"]
[Site "www.echecsemail.com"]
[Date "2015.04.19"]
[Round "1"]
[White "Guidom"]
[Black "Jafarhayder"]
[WhiteElo "2140"]
[BlackElo "1250"]
[Result "1-0"]
[Round "1"]
1.e4 e6
2.d4 d5
3.Nb1c3 dxe4
4.Nc3xe4 Nb8d7
5.c3 Ng8f6
6.Bc1g5 Bf8e7
7.Ne4xf6 Nd7xf6
8.Ng1f3 O-O
9.Bf1d3 b6
10.O-O Bc8b7
11.Rf1e1 h6
12.Bg5h4 c5
13.dxc5 Be7xc5
14.Qd1e2 Bc5e7
15.Ra1d1 Qd8c7
16.Bd3b1 Rf8d8
17.Nf3e5 Rd8xd1
18.Re1xd1 Nf6d5
19.Bh4xe7 Qc7xe7
20.c4 Nd5f4
21.Qe2g4 Qe7g5
22.Qg4xg5 hxg5
23.g3 Nf4h5
24.Rd1d7 Bb7a6
25.Ne5xf7 Ba6xc4
26.Nf7xg5 Nh5f6
27.Rd7c7 Bc4d5
28.b3 a5
29.Bb1g6 Kf8
30.Rc7f7 Kg8
31.Rf7c7 Ra8d8
32.Bg6f7 Kf8
33.Bf7xe6 Bd5a8
34.Kf1 Ba8d5
35.Be6xd5 Rd8xd5
36.Ng5e6 { resign }
1-0

[Event "Match"]
[Site "www.echecsemail.com"]
[Date "2015.04.19"]
[Round "1"]
[White "Generalfree"]
[Black "Darknight"]
[WhiteElo "1770"]
[BlackElo "1720"]
[Result "0-1"]
[Round "1"]
1.d4 d5
2.g3 h6
3.Bf1g2 e6
4.e4 c5
5.Bc1e3 Qd8b6
6.b3 c4
7.exd5 cxb3
8.cxb3 Qb6a5
9.Nb1d2 exd5
10.Qd1h5 Ng8f6
11.Qh5f3 Bf8d6
12.Ng1e2 Nf6e4
13.Ra1d1 h5
14.O-O f5
15.Ne2f4 Bd6xf4
16.Be3xf4 Nb8c6
17.Bf4e3 Bc8e6
18.a4 g5
19.h3 g4
20.hxg4 f4
21.Qf3xf4 hxg4
22.Nd2xe4 dxe4
23.Qf4xe4 Nc6d8
24.Qe4g6 Be6f7
25.Qg6xg4 Bf7h5
26.Qg4e4 Kf8
27.Be3d2 Qa5b6
28.b4 Nd8f7
29.Rd1e1 Ra8d8
30.Qe4e7 Kg8
31.Bd2c3 Rd8f8
32.Bg2xb7 Qb6h6
33.Bb7e4 Bh5e2
34.Re1xe2 Qh6h2

0-1

[Event "Match"]
[Site "www.echecsemail.com"]
[Date "2015.04.19"]
[Round "1"]
[White "Chtoubidou"]
[Black "Harrytheking"]
[WhiteElo "1880"]
[BlackElo "1690"]
[Result "1-0"]
[Round "1"]
1.e4 b6
2.b3 Bc8a6
3.Bf1xa6 Nb8xa6
4.Bc1b2 e6
5.Ng1e2 d6
6.O-O Ng8f6
7.d3 Bf8e7
8.f4 O-O
9.Nb1d2 b5
10.Nd2f3 h6
11.e5 dxe5
12.fxe5 Nf6d7
13.d4 c6
14.c4 b4
15.c5 f6
16.Qd1c2 f5
17.Ne2f4 Na6c7
18.a3 bxa3
19.Ra1xa3 Nc7b5
20.Ra3a4 a6
21.Nf4xe6 Qd8e8
22.Ne6xf8 Be7xf8
23.Qc2xf5 Nb5c7
24.Nf3h4 Bf8e7
25.Nh4g6 Nc7d5
26.Qf5e6 Kh7
27.Ng6xe7 Nd5xe7
28.Rf1f7 Nd7f8
29.Qe6xe7 Qe8xe7
30.Rf7xe7 Nf8g6
31.Re7c7 Ra8b8
32.b4 Ng6f4
33.Rc7xc6 Rb8d8
34.Ra4xa6 Nf4e2
35.Kf2 Ne2f4
36.Bb2a1 Nf4d3
37.Ke3 Nd3xb4
38.Rc6d6 Rd8f8
39.Ra6a7 Nb4c2
40.Ke4 Rf8f2
41.e6 Rf2xg2
42.e7 Rg2e2
43.Kd3 Re2xh2
44.e8Q Nc2b4
45.Kc4 Nb4c2
46.Qe8e4 { resign }
1-0

[Event "Match"]
[Site "www.echecsemail.com"]
[Date "2015.04.19"]
[Round "1"]
[White "Drigg"]
[Black "Liencam2"]
[WhiteElo "1389"]
[BlackElo "2300"]
[Result "0-1"]
[Round "1"]
1.b3 e5
2.d3 Ng8f6
3.Ng1h3 d5
4.Qd1d2 Bc8xh3
5.gxh3 Nb8c6
6.Nb1c3 Bf8b4
7.Bc1b2 d4
 { time }
0-1

[Event "Match"]
[Site "www.echecsemail.com"]
[Date "2015.04.19"]
[Round "1"]
[White "Darknight"]
[Black "Whitekknight"]
[WhiteElo "1750"]
[BlackElo "1880"]
[Result "0-1"]
[Round "1"]
1.e4 e5
2.Bf1c4 Ng8f6
3.d3 h6
4.h3 Bf8c5
5.Ng1f3 Nb8c6
6.c3 O-O
7.a3 a6
8.g4 g5
9.Nf3xg5 hxg5
10.h4 Nf6h7
11.hxg5 Nh7xg5
12.Rh1h5 Bc5e7
13.f3 Kg7
14.Ke2 Rf8h8
15.Qd1g1 Qd8e8
16.Bc1xg5 Be7xg5
17.Rh5xg5 Kf8
18.Bc4d5 Nc6e7
19.Rg5xe5 d6
20.Re5h5 Rh8xh5
21.gxh5 Ne7xd5
22.Kd2 Nd5f6
23.h6 Qe8e6
24.Kc2 Nf6h5
25.Qg1g5 Nh5f6
26.Nb1d2 Qe6e5
27.Qg5g7 Ke7
28.Ra1g1 Bc8e6
29.h7 Nf6xh7
30.Qg7xh7 Ra8h8
31.Qh7g7 Qe5h2
32.Rg1g6 Qh2h4
33.d4 Rh8h7
34.Rg6xe6 Kxe6
35.Qg7g4 Qh4xg4
36.fxg4 Rh7g7
37.b4 b5
38.c4 c6
39.Nd2b3 Rg7xg4
40.Nb3a5 Kd7
41.d5 bxc4
42.Na5xc6 Kc7
43.Kc3 Rg4xe4
44.a4 f5
45.b5 a5
46.Nc6xa5 f4
47.Na5xc4 Re4e8
48.Kd3 f3
49.Nc4e3 f2
50.Ke2 Re8xe3
51.Kxf2 Re3a3
52.Ke2 Ra3xa4
53.Kd3 Kb6
54.Kc3 Kxb5
55.Kb3 Ra4d4
56.Kc3 Rd4xd5
57.Kb3 Rd5d3
58.Kc2 Kc4
59.Kb2 Rd3d2
60.Kc1 Kc3
61.Kb1 Kb3
62.Kc1 Rd2d3
{ resign }
0-1

[Event "Match"]
[Site "www.echecsemail.com"]
[Date "2015.04.19"]
[Round "1"]
[White "Tomasseeber"]
[Black "Azulmarino"]
[WhiteElo "2190"]
[BlackElo "1580"]
[Result "1-0"]
[Round "1"]
1.Ng1f3 d5
2.h3 Ng8f6
3.e3 h6
4.Bf1e2 e6
5.O-O Bf8d6
6.b3 e5
7.Bc1b2 Nb8c6
8.c4 Bc8f5
9.cxd5 Nf6xd5
10.Be2b5 Qd8d7
11.Bb2xe5 a6
12.Bb5xc6 Qd7xc6
13.Be5xg7 Rh8h7
14.Nf3d4 Qc6d7
15.Nd4xf5 Qd7xf5
16.Bg7b2 Bd6e5
17.d4 Be5f6
18.e4 Qf5f4
19.exd5 O-O-O
20.Qd1g4 Qf4xg4
21.hxg4 Rd8xd5
22.Nb1c3 Rd5g5
23.Nc3e4 Rg5g6
24.Ne4xf6 Rh7g7
25.Nf6h5 Rg7g8
26.g3 Rg6e6
27.Nh5f4 Re6d6
28.Kg2 Rg8xg4
29.Rf1h1 Rd6f6
30.Kf3 Rg4g8
31.Rh1h5 Rg8e8
32.Ra1h1 Rf6c6
33.Rh5c5 b6
34.Rc5xc6 { resign }
1-0

[Event "Match"]
[Site "www.echecsemail.com"]
[Date "2015.04.19"]
[Round "1"]
[White "Hundegana"]
[Black "Ztornad"]
[WhiteElo "1910"]
[BlackElo "1670"]
[Result "1/2-1/2"]
[Round "1"]
1.e4 e5
2.Ng1f3 d6
3.Bf1c4 Bc8e6
4.Bc4xe6 fxe6
5.d3 Bf8e7
6.O-O Nb8c6
7.a3 Ng8f6
8.h3 Nc6d4
9.Nf3xd4 exd4
10.Nb1d2 g6
11.b3 e5
12.g3 c6
13.Kh2 h5
14.Nd2f3 Nf6h7
15.Bc1d2 Nh7g5
16.c3 Rh8f8
17.Nf3xg5 Be7xg5
18.cxd4 exd4
19.Bd2xg5 Qd8xg5
20.Ra1a2 O-O-O
21.f4 Qg5h6
22.a4 a5
23.Ra2b2 c5
24.Qd1c1 Rd8d7
25.Qc1c4 b6
26.Qc4a6 Rd7b7
27.Qa6b5 Kc7
28.Qb5c4 g5
29.f5 g4
30.h4 Qh6f6
31.Rb2f2 Rf8e8
32.Rf1b1 Rb7a7
33.b4 Re8b8
34.b5 Rb8f8
35.Rb1f1 Rf8e8
36.Qc4d5 Kb8
37.Qd5c6 Qf6d8
38.f6 Re8f8
39.f7 Ra7b7
40.Rf2f6 Rb7d7
41.Rf6e6 Ka7
42.Re6f6 d5
43.e5 Rd7b7
44.e6 Rb7c7
45.e7 Rc7xe7
46.Rf6d6 Qd8b8
47.Qc6xd5 Qb8b7
48.Kg1 Qb7xd5
49.Rd6xd5 Re7xf7
50.Rf1xf7 Rf8xf7
51.Kg2 Rf7h7
52.Rd5e5 Kb7
53.Re5f5 Rh7h6
54.Kf2 Kc7
55.Ke2 Rh6e6
56.Kd2 Re6e3
57.Rf5xh5 Re3xg3
58.Rh5g5 Rg3g2
59.Ke1 Rg2g1
60.Kf2 Rg1a1
61.Rg5xg4 Ra1xa4
62.h5 Ra4a2
63.Kg3 Ra2d2
64.Rg4h4 Rd2xd3
65.Kf4 Rd3e3
66.h6 Re3e8
67.h7 Re8h8
68.Kg5 d3
69.Kg6 d2
70.Rh4h1 Rh8d8
71.Rh1d1 Rd8d6
72.Kg7 Rd6d7
73.Kg8 Rd7d8
74.Kg7 Rd8d7
75.Kg6 Rd7d6
76.Kg7 Rd6d7

1/2-1/2

[Event "Match"]
[Site "www.echecsemail.com"]
[Date "2015.04.19"]
[Round "1"]
[White "F14"]
[Black "Karlgrocer"]
[WhiteElo "1900"]
[BlackElo "1890"]
[Result "0-1"]
[Round "1"]
1.e4 c5
2.Ng1f3 d6
3.d4 b6
4.dxc5 bxc5
5.Bf1b5 Bc8d7
6.Nb1c3 a6
7.Bb5xd7 Nb8xd7
8.O-O Ng8f6
9.Rf1e1 e5
10.Nc3d5 Bf8e7
11.c4 Nf6xd5
12.exd5 O-O
13.Bc1d2 Ra8b8
14.b3 Be7f6
15.Bd2c3 g6
16.Re1e4 Bf6g7
17.Qd1d2 Nd7f6
18.Re4e1 Nf6h5
19.b4 cxb4
20.Bc3xb4 e4
21.Nf3d4 Bg7xd4
22.Bb4a5 Qd8f6
23.Ba5c7 Rb8b2
{ resign }
0-1

[Event "Match"]
[Site "www.echecsemail.com"]
[Date "2015.04.19"]
[Round "1"]
[White "F14"]
[Black "Harrytheking"]
[WhiteElo "1870"]
[BlackElo "1690"]
[Result "0-1"]
[Round "1"]
1.d4 h6
2.e4 e6
3.Ng1f3 Ng8e7
4.Bf1e2 d6
5.O-O Ne7g6
6.c4 Bc8d7
7.Nb1c3 a6
8.b4 Bf8e7
9.Qd1c2 O-O
10.Rf1d1 c6
11.d5 e5
12.a4 Ng6f4
13.Bc1xf4 exf4
14.b5 Be7f6
15.Ra1b1 axb5
16.axb5 c5
17.h3 b6
18.Rb1a1 Ra8xa1
19.Rd1xa1 Qd8e7
20.Ra1a7 Bf6xc3
21.Qc2xc3 f6
22.Nf3h4 Qe7xe4
23.Be2d3 Qe4d4
24.Qc3d2 Rf8f7
25.Qd2e2 f5
26.Ra7b7 Qd4a1
27.Kh2 Qa1a8
28.Rb7xb6 Qa8a7
29.Rb6xd6 f3
30.Nh4xf3 Qa7c7
31.Qe2e5 Kf8
32.Nf3h4 Kg8
33.Nh4g6 Kh7
34.Ng6h4 Rf7f6
35.Nh4xf5 Bd7xf5
36.Bd3xf5 Kg8
37.g3 Qc7xd6
38.Qe5e4 Nb8d7
39.Qe4e8 Nd7f8
40.Bf5e6 Kh7
41.Qe8c6 Rf6xf2
42.Kh1 Qd6xg3
43.Be6f5 Rf2xf5
{ resign }
0-1

[Event "Match"]
[Site "www.echecsemail.com"]
[Date "2015.04.19"]
[Round "1"]
[White "Tomcapp"]
[Black "4knights"]
[WhiteElo "1440"]
[BlackElo "1499"]
[Result "0-1"]
[Round "1"]
1.e4 e5
2.c4 Ng8f6
3.Nb1c3 c6
4.Bf1d3 Bf8c5
5.Ng1f3 d5
6.cxd5 cxd5
7.a3 dxe4
8.Bd3xe4 Nf6xe4
9.Nc3xe4 Bc5d6
10.Ne4xd6 Qd8xd6
11.b4 O-O
12.Ra1b1 Qd6g6
13.d3 Rf8e8
14.O-O Bc8h3
15.Nf3h4 Qg6g4
16.Qd1xg4 Bh3xg4
17.b5 Bg4e2
18.Rf1e1 Be2xd3
19.Rb1b4 Nb8d7
20.Bc1e3 b6
21.a4 Re8c8
22.g4 f6
23.g5 f5
24.g6 f4
25.gxh7 Kxh7
26.Be3c1 Rc8c2
27.f3 Ra8e8
28.a5 Re8e6
29.Bc1xf4 Rc2e2
30.Re1xe2 Bd3xe2
31.axb6 exf4
32.bxa7 Nd7b6
33.Nh4f5 Be2xf3
34.Rb4xf4 Re6g6
35.Kf2 Bf3a8
36.Rf4h4 Rg6h6
37.Rh4d4 Rh6xh2
38.Kg3 Rh2g2
39.Kh3 Rg2a2
40.Rd4h4 Kg6
41.Nf5e7 Kf7
42.Ne7f5 Ra2xa7
43.Nf5d6 Kg8
44.Rh4e4 Ba8xe4
45.Nd6xe4 Ra7a5
46.Ne4d6 Nb6c8
47.Nd6xc8 Ra5xb5
48.Nc8d6 Rb5d5
49.Nd6e8 Kh7
50.Kh4 Kh6
51.Kg4 Rd5d4
52.Kf5 g5
53.Ne8f6 Rd4f4
54.Ke5 Kg6
55.Nf6d5 Rf4f5
56.Kd6 g4
57.Nd5e3 Rf5f6
58.Ke5 Kg5
59.Ne3xg4 Rf6f5
60.Kd6 Kxg4
61.Ke6 Kf4
62.Kd6 Kg5
63.Kc6 Kf6
64.Kb7 Ke6
65.Kc7 Ke7
66.Kc6 Ke6
67.Kc7 Kd5
68.Kd7 Rf5e5
69.Kc7 Re5e7
70.Kd8 Kd6
71.Kc8 Re7c7
72.Kd8 Rc7h7
73.Kc8 Rh7e7
74.Kd8 Re7e5
75.Kc8 Kc6
76.Kd8 Re5e6
77.Kc8 Re6e8

0-1

[Event "Match"]
[Site "www.echecsemail.com"]
[Date "2015.04.19"]
[Round "1"]
[White "Kesalon"]
[Black "Bbking"]
[WhiteElo "1940"]
[BlackElo "1480"]
[Result "1-0"]
[Round "1"]
1.e4 e5
2.Ng1f3 Nb8c6
3.Bf1c4 Ng8f6
4.Nf3g5 d5
5.exd5 Nf6xd5
6.Ng5xf7 Kxf7
7.Qd1f3 Ke6
8.Nb1c3 Nc6d4
9.Bc4xd5 Kd6
10.Qf3d1 c6
11.Bd5b3 Nd4xb3
12.axb3 Bc8f5
13.d3 Kc7
14.O-O Bf8b4
15.Rf1e1 Bb4xc3
16.bxc3 Qd8h4
17.Re1xe5 Bf5g6
18.Bc1g5 Qh4h5
19.Bg5d8 Ra8xd8
20.Re5xh5 Bg6xh5
21.Qd1xh5 g6
22.Qh5a5 Kb8
23.Qa5xa7 Kc7
24.Ra1e1 Rh8e8
25.Re1xe8 Rd8xe8
26.Kf1 h5
27.Qa7a5 Kb8
28.Qa5g5 Re8g8
29.f4 Ka7
30.f5 { resign }
1-0

[Event "1/64 Finale"]
[Site "www.chess-mail.com"]
[Date "2015.04.19"]
[Round "1"]
[White "Pretorian"]
[Black "Winterlude"]
[WhiteElo "2530"]
[BlackElo "2520"]
[Result "1/2-1/2"]
[Round "1"]
1.d4 d5
2.c4 e6
3.Nb1c3 Ng8f6
4.Ng1f3 Bf8e7
5.Bc1g5 h6
6.Bg5h4 O-O
7.e3 b6
8.Bf1e2 Bc8b7
9.O-O Nb8d7
10.Ra1c1 c5
11.cxd5 exd5
12.Qd1c2 Nf6e4
13.Bh4xe7 Qd8xe7
14.dxc5 Nd7xc5
15.Nf3d4 Rf8d8
16.Rf1d1 Ra8c8
17.Be2f3 g6
18.Bf3g4 Ne4xc3
19.Qc2xc3 Nc5e4
20.Qc3e1 Rc8c5
21.Nd4b3 Rc5c4
22.Bg4e2 Rc4c6
23.Nb3d4 Rc6c8
24.a3 a6
25.Be2g4 Rc8c4
26.Bg4e2 Rc4c8
27.b4 Ne4d6
28.Qe1d2 Nd6c4
29.Qd2a2 Rc8c7
30.Rc1c2 Rd8c8
31.Rd1c1 Kh7
32.Be2g4 Rc8d8
33.Bg4f3 Rd8c8
34.g3 Bb7a8
{ draw }
1/2-1/2

[Event "1/64 Finale"]
[Site "www.chess-mail.com"]
[Date "2015.04.19"]
[Round "1"]
[White "Preacher59"]
[Black "Attatroll"]
[WhiteElo "2020"]
[BlackElo "1960"]
[Result "0-1"]
[Round "1"]
1.c4 f5
2.Nb1c3 Ng8f6
3.d3 g6
4.g3 Bf8g7
5.Bf1g2 c6
6.Bc1g5 O-O
7.Bg5xf6 Bg7xf6
8.e3 d6
9.Ng1e2 Nb8d7
10.O-O e5
11.Ra1b1 Rf8e8
12.b4 Nd7b6
13.a4 Bc8e6
14.b5 d5
15.c5 Nb6d7
16.d4 exd4
17.exd4 cxb5
18.axb5 a6
19.b6 Be6f7
20.Qd1b3 Nd7xc5
21.Qb3b4 Nc5e4
22.Nc3a4 Bf6e7
23.Qb4b2 Qd8d7
24.Ne2c3 Ra8c8
25.Rf1c1 Be7g5
26.f4 Bg5f6
 { time }
0-1

[Event "Fast Game"]
[Site "www.echecsemail.com"]
[Date "2015.04.19"]
[Round "1"]
[White "Derfel83"]
[Black "Anja"]
[WhiteElo "1550"]
[BlackElo "1729"]
[Result "0-1"]
[Round "1"]
1.d4 f5
2.e3 Ng8f6
3.b3 g6
4.Bc1b2 Bf8g7
5.Bf1d3 O-O
6.Nb1c3 d6
7.Qd1f3 c6
8.O-O-O Qd8e8
9.d5 e5
10.Bd3c4 c5
11.e4 Nf6xe4
12.Nc3xe4 fxe4
13.Qf3xe4 Rf8xf2
14.g3 Bc8f5
{ resign }
0-1

[Event "Tourn. n8126"]
[Site "www.chess-mail.com"]
[Date "2015.04.20"]
[Round "1"]
[White "Attatroll"]
[Black "Churrasca"]
[WhiteElo "1900"]
[BlackElo "1990"]
[Result "0-1"]
[Round "1"]
1.e4 c5
2.d4 cxd4
3.c3 dxc3
4.Nb1xc3 Nb8c6
5.Ng1f3 Ng8f6
6.Bf1c4 e6
7.O-O a6
8.Bc4b3 Bf8e7
9.Bc1e3 Nf6g4
10.h3 Ng4xe3
11.fxe3 O-O
12.Ra1c1 d6
13.e5 Nc6xe5
14.Nf3d4 b5
15.Nc3e2 Bc8b7
16.Bb3xe6 fxe6
17.Rf1xf8 Qd8xf8
18.Nd4xe6 Qf8f6
19.Ne2f4 g5
20.Qd1b3 d5
21.Nf4xd5 Qf6xe6
22.Nd5xe7 Kf7
23.Rc1c7 Qe6xb3
24.axb3 Bb7e4
25.Ne7d5 Ke6
26.Nd5b6 Ra8d8
27.Rc7a7 Rd8d2
28.Ra7xa6 Rd2xg2
29.Kf1 Rg2h2
30.Nb6c4 Kd5
31.Ra6d6 Kc5
32.Rd6e6 Be4d3
33.Ke1 Ne5f3
{ resign }
0-1

[Event "Tourn. n8063"]
[Site "www.chess-mail.com"]
[Date "2015.04.20"]
[Round "1"]
[White "Averoes"]
[Black "Difficult"]
[WhiteElo "2150"]
[BlackElo "2100"]
[Result "1-0"]
[Round "1"]
1.d4 Ng8f6
2.c4 e6
3.Ng1f3 c5
4.d5 exd5
5.cxd5 d6
6.Nb1c3 g6
7.Nf3d2 Bf8g7
8.Nd2c4 O-O
9.Bc1g5 a6
10.a4 Qd8c7
11.Qd1c1 Nb8d7
12.f3 Nd7e5
13.e4 Ne5xc4
14.Bf1xc4 Bc8d7
15.O-O Ra8b8
16.Qc1f4 Nf6h5
17.Qf4h4 b5
18.axb5 axb5
19.Bc4b3 h6
20.Bg5e3 c4
21.Bb3c2 Bg7f6
22.Qh4f2 b4
23.Nc3d1 Bf6g7
24.Be3d4 Bg7xd4
25.Qf2xd4 Nh5f4
26.Rf1e1 Rb8a8
27.Ra1xa8 Rf8xa8
28.g3 Nf4h5
29.Nd1f2 b3
30.Bc2b1 Ra8a1
31.Re1c1 Nh5g7
32.Kg2 h5
33.Rc1xc4 Qc7a5
34.Bb1d3 Qa5e1
35.f4 Qe1g1
36.Kf3 Qg1xh2
37.f5 Ra1g1
38.Rc4c7 Qh2xg3
39.Ke2 { time. }
1-0